|
|
|
|
| LEADER |
00736nam a2200229 4500 |
| 020 |
|
|
|a 9
|c 1500.0
|
| 082 |
|
|
|a 930.095 4 SUB
|
| 100 |
|
|
|a SUBHASHIS DAS
|
| 245 |
|
|
|a SACRED STONES IN INDIAN CIVILIZATION: WITH SPECIAL REFERENCE TO MEGALITHS
|h ENGLISH
|
| 250 |
|
|
|
| 260 |
|
|
|a NEW DELHI
|b KAVERI BOOKS
|c 2009
|
| 300 |
|
|
|a 256 p
|f HB
|
| 500 |
|
|
|a
|
| 501 |
|
|
|a General
|
| 538 |
|
|
|
| 590 |
|
|
|
| 630 |
|
|
|a CIVILIZATION
|
| 650 |
|
|
|a SACRED STONES IN INDIAN CIVILIZATION-- WITH SPECIAL REFERENCE TO MEGALITHS
|
| 700 |
|
|
|
| 942 |
|
|
|c BK
|
| 999 |
|
|
|c 178377
|d 178377
|
| 952 |
|
|
|0 0
|1 0
|4 0
|6 930_095000000000000_4_SUB
|7 0
|9 191740
|a AGY
|b AGY
|g 1500.00
|l 0
|o 930.095 4 SUB
|p AGY2586
|r 2019-10-25
|w 2019-10-25
|y BK
|